000 00537nam a2200217Ia 4500
003 OSt
005 20220928144638.0
006 a|||||r|||| 00| 0
007 ta
008 220927b |||||||| |||| 00| 0 eng d
024 _a72603
037 _cTextual
040 _aSDCL
_cSDCL
_beng
041 _2eng
_aeng
082 _aO-,3M85w, M0
100 _aDarroch Robert
_9508809
245 0 _aD H Lawrence in Australia.
260 _c1981
942 _hO-,3M85w, M0
_cTEXL
_2CC
999 _c828590
_d828590